000 01387nam a22003377a 4500
001 112
003 FISKH
005 20230227165638.0
008 230227b cb ||||| |||| 00| 0 eng d
040 _aDLC
_cDLC
_dDLC
_dFISKH
_beng
042 _alcac
050 0 0 _aPZ7.M25643
_bBm 2007
082 0 0 _aPZ7.M25643
_222
100 1 _aMaddox, Jake.
245 1 0 _aBMX bully /
_cby Jake Maddox ; illustrated by Sean Tiffany.
260 _aMinneapolis :
_bStone Arch Books,
_c2007.
300 _a65 p. :
_bill. ;
_c20 cm.
490 1 _aImpact books. A Jake Maddox sports story
500 _aEleven-year-old Matt wants to make the Evergreen Racing Team but his chances are seriously threatened when a new boy moves to town and resorts to cheating in order to win.
505 _aK
520 _aEleven-year-old Matt wants to make the Evergreen Racing Team but his chances are seriously threatened when a new boy moves to town and resorts to cheating in order to win.
521 8 _a570
_bLexile
521 8 _aK
_bRaz-Plus
650 1 _aBicycle racing
_vFiction.
650 1 _aCheating
_vFiction.
700 1 _aTiffany, Sean,
_eill.
800 1 _aMaddox, Jake.
_tImpact books (Stone Arch Books)
_pJake Maddox sports story.
856 4 1 _3Table of contents only
_uhttp://www.loc.gov/catdir/toc/ecip069/2006006074.html
906 _a7
_bcbc
_corignew
_d1
_eecip
_f20
_gy-gencatlg
942 _2ddc
_cBK
_n0
999 _c112
_d112